LEADER 01041nam a2200253 i 4500 001 000000051422 003 CaOOAMICUS 005 20100512000000.0 008 100512s1980 it u000 u ita u 013 $a22594 040 $aSeMil$bita 100 1 $aBartoletti, Enrico .$0(OLS)http://semarc/name/25431 245 10$aChiesa locale e partecipazione dei laici /$cEnrico Bartoletti ; a cura di Pietro Gianneschi. 260 $aRoma :$bAVE,$c1980. 300 $a287 p. ;$c22 cm. 490 0 $aTestimoni ;$v3 650 4$aChiesa locale.$0(OLS)http://semarc/subject/6605 650 4$aLaicato.$0(OLS)http://semarc/subject/6802 700 1 $aGianneschi, Pietro.$0(OLS)http://semarc/name/25432 830 0$aTestimoni ;$v3.$0(OLS)http://semarc/title/10583 850 $aSeMil 852 $aSeMil$W1$xVenegono$y1$m2F IV 137$j17577$B17577$CSeMilBibl$Z2$F17578 $81 996 $6245$aChiesa locale e partecipazione dei laici$9(OLS)http://semarc/title/78743 996 $6260$aRoma :$bAVE$9(OLS)http://semarc/publisher/30251 LEADER 00856naa a2200169 i 4500 001 000000306446 003 CaOOAMICUS 005 20180831172857.0 008 180831n xx u000 u fre u 013 $a14906 040 $aSeMil$bita 100 1 $aBürki, Bruno.$0(OLS)http://semarc/name/427 245 10$aQuelle reconnaissance reciproque? Les ordinations des Refomes suisse en perspective oecumenique. 650 4$aEcumenismo - Cattolici e Luterani.$0(OLS)http://semarc/subject/9852 650 4$aEcumenismo - Cattolici e Protestanti.$0(OLS)http://semarc/subject/7630 773 0 $tEcumenical theology in worship, doctrine, and life.$dOxford ; New York : Oxford University Press, 1999.$z0-19-513136-3$gp.127-136$w()115716 996 $6245$aQuelle reconnaissance reciproque? Les ordinations des Refomes suisse en perspective oecumenique.$9(OLS)http://semarc/title/381858